Stranger's guide through London (Record no. 114605)

MARC details
000 -LEADER
fixed length control field 00812cem a22001935a 4500
001 - CONTROL NUMBER
control field L157115
008 - FIXED-LENGTH DATA ELEMENTS--GENERAL INFORMATION
fixed length control field 120904s1846 xxk f 000 0 eng d
035 ## - SYSTEM CONTROL NUMBER
System control number (Sirsi) u157115
041 0# - LANGUAGE CODE
Language code of text/sound track or separate title eng
245 00 - TITLE STATEMENT
Title Stranger's guide through London
Remainder of title exhibiting the alterations and improvements to 1846. The routes of the omnibuses, with references to the principal streets, and much useful information
260 ## - PUBLICATION, DISTRIBUTION, ETC.
Place of publication, distribution, etc. London
Name of publisher, distributor, etc. James Gardner
Date of publication, distribution, etc. [1846]
300 ## - PHYSICAL DESCRIPTION
Extent 1 map
Other physical details hand coloured
Dimensions 74 x 50 cm., folded to 18 x 11 cm.
520 ## - SUMMARY, ETC.
Summary, etc. Map had hard covers to protect it once folded.
520 ## - SUMMARY, ETC.
Summary, etc. Title on map: "New plan of the cities of London & Westminster with the Borough of Southwark".
583 ## - ACTION NOTE
Action Condition reviewed
Time/date of action 20120620
Status condition level 4
651 #4 - SUBJECT ADDED ENTRY--GEOGRAPHIC NAME
Geographic name London
690 ## - LOCAL SUBJECT ADDED ENTRY--TOPICAL TERM (OCLC, RLIN)
Topical term or geographic name as entry element Geomatics
9 (RLIN) 6242
942 ## - ADDED ENTRY ELEMENTS (KOHA)
Suppress in OPAC 0
Holdings
Withdrawn status Lost status Source of classification or shelving scheme Damaged status Not for loan Home library Current library Shelving location Date acquired Total Checkouts Full call number Barcode Date last seen Copy number Price effective from Koha item type
    Dewey Decimal Classification     Historic collection Historic collection Historic collection 04/09/2012   MAP 1846 STRANGERS 30077042 06/08/2019 1 06/08/2019 Book